| 000 | 01729nam a2200181Ia 4500 | ||
|---|---|---|---|
| 008 | 151202s9999||||xx |||||||||||||| ||und|| | ||
| 082 | _bPNVM-124614 | ||
| 100 | _aसंपा. भुरके अनंत रामचंद्र 1140 बुधवार पेठ तुळशीबाग पुणे 411 002. | ||
| 245 | _aविराट विश्वकर्मा महात्म्य चरित्र कवच स्तोत्र सिद्धी उपनिषदशतनामावली कथासार पूजा सूक्त संस्कृत मराठी. | ||
| 260 | _bभुरके अनंत रामचंद्र 1140 बुधवार पेठ तुळशीबाग पुणे 411 002. | ||
| 260 | _c1968 | ||
| 300 | _a80 | ||
| 600 | _aसंपा. भुरके अनंत रामचंद्र 1140 बुधवार पेठ तुळशीबाग पुणे 411 002. | ||
| 630 | _aविराट विश्वकर्मा महात्म्य चरित्र कवच स्तोत्र सिद्धी उपनिषदशतनामावली कथासार पूजा सूक्त संस्कृत मराठी. | ||
| 700 | _aसंपा. भुरके अनंत रामचंद्र 1140 बुधवार पेठ तुळशीबाग पुणे 411 002. | ||
| 730 | _aविराट विश्वकर्मा महात्म्य चरित्र कवच स्तोत्र सिद्धी उपनिषदशतनामावली कथासार पूजा सूक्त संस्कृत मराठी. | ||
| 942 | _cBOOK | ||
| 999 |
_c1354742 _d1354739 |
||